Tuyển tập Nguyễn Công Hoan
Đã lưu trong:
| Tác giả chính: | |
|---|---|
| Định dạng: | Sách |
| Ngôn ngữ: | Undetermined |
| Được phát hành: |
Hà Nội
Văn học
1984
|
| Những chủ đề: | |
| Các nhãn: |
Thêm thẻ
Không có thẻ, Là người đầu tiên thẻ bản ghi này!
|
| Thư viện lưu trữ: | Trung tâm Học liệu Trường Đại học Cần Thơ |
|---|
| LEADER | 00516nam a2200169Ia 4500 | ||
|---|---|---|---|
| 001 | CTU_8364 | ||
| 008 | 210402s9999 xx 000 0 und d | ||
| 082 | |a 895.922331 | ||
| 082 | |b H406/T2/1984 | ||
| 100 | |a Nguyễn Công Hoan | ||
| 245 | 0 | |a Tuyển tập Nguyễn Công Hoan | |
| 245 | 0 | |c Nguyễn Công Hoan | |
| 260 | |a Hà Nội | ||
| 260 | |b Văn học | ||
| 260 | |c 1984 | ||
| 650 | |a vietnamese fiction - 20th century - collections | ||
| 980 | |a Trung tâm Học liệu Trường Đại học Cần Thơ | ||